<?xml version="1.0" encoding="UTF-8"?>
<record
    xmlns:xsi="http://www.w3.org/2001/XMLSchema-instance"
    xsi:schemaLocation="http://www.loc.gov/MARC21/slim http://www.loc.gov/standards/marcxml/schema/MARC21slim.xsd"
    xmlns="http://www.loc.gov/MARC21/slim">

  <leader>01608nam a2200265 a 4500</leader>
  <controlfield tag="001">000046230</controlfield>
  <controlfield tag="003">DO-SdBNP</controlfield>
  <controlfield tag="005">20240302073951.0</controlfield>
  <controlfield tag="007">ta</controlfield>
  <controlfield tag="008">150708s2013    dr ac         000 0 spa d</controlfield>
  <datafield tag="020" ind1=" " ind2=" ">
    <subfield code="z">978994508</subfield>
  </datafield>
  <datafield tag="040" ind1=" " ind2=" ">
    <subfield code="a">DO-SdBNP</subfield>
    <subfield code="b">spa</subfield>
    <subfield code="c">BNPHU</subfield>
  </datafield>
  <datafield tag="082" ind1=" " ind2="4">
    <subfield code="2">22</subfield>
  </datafield>
  <datafield tag="100" ind1="1" ind2=" ">
    <subfield code="a">Cass&#xE1;, Roberto, </subfield>
    <subfield code="d">1948-</subfield>
    <subfield code="9">10888</subfield>
  </datafield>
  <datafield tag="245" ind1="1" ind2="0">
    <subfield code="a">Superintendencia de bancos de la Rep&#xFA;blica Dominicana 65 a&#xF1;os de historia /</subfield>
    <subfield code="c">Roberto Cass&#xE1; ; edici&#xF3;n &#xC1;ngela Pe&#xF1;a ; colaboraci&#xF3;n especial Luis Marcos Soto ; coordinaci&#xF3;n general M&#xF3;nica Bernard.</subfield>
  </datafield>
  <datafield tag="260" ind1=" " ind2=" ">
    <subfield code="a">Santo Domingo :</subfield>
    <subfield code="b">Superintendencia de Bancos de la Rep&#xFA;blica Dominicana,</subfield>
    <subfield code="c">2013.</subfield>
  </datafield>
  <datafield tag="300" ind1=" " ind2=" ">
    <subfield code="a">348 p. :</subfield>
    <subfield code="b">il., retrs. ;</subfield>
    <subfield code="c">28 cm.</subfield>
  </datafield>
  <datafield tag="500" ind1=" " ind2=" ">
    <subfield code="a">Incluye &#xED;ndice onom&#xE1;stico</subfield>
  </datafield>
  <datafield tag="500" ind1=" " ind2=" ">
    <subfield code="a">Incluye referencias bibliogr&#xE1;ficas y notas al pie de las p&#xE1;ginas.</subfield>
  </datafield>
  <datafield tag="505" ind1="0" ind2=" ">
    <subfield code="a">Presentaci&#xF3;n --</subfield>
    <subfield code="t">Introducci&#xF3;n --</subfield>
    <subfield code="g">Cap&#xED;tulo I</subfield>
    <subfield code="t">Antecedentes --</subfield>
    <subfield code="g">Cap&#xED;tulo II</subfield>
    <subfield code="t">Creaci&#xF3;n de la Superintendencia de bancos --</subfield>
    <subfield code="g">Cap&#xED;tulo III</subfield>
    <subfield code="t">Evaluaci&#xF3;n durante la &#xFA;ltima etapa de trujillo --</subfield>
    <subfield code="g">Cap&#xED;tulo lV</subfield>
    <subfield code="t">Recomposici&#xF3;n bancaria --</subfield>
    <subfield code="g">Cap&#xED;tulo V</subfield>
    <subfield code="t">Expanci&#xF3;n del sistema financiero --</subfield>
    <subfield code="g">Cap&#xED;tulo VI</subfield>
    <subfield code="t">Reforma nueva crisis --</subfield>
    <subfield code="g">Cap&#xED;tulo VII</subfield>
    <subfield code="t">Redefinici&#xF3;n: Supervici&#xF3;n basada en riesgos --</subfield>
    <subfield code="g">Anexo I</subfield>
    <subfield code="t">Cronolog&#xED;a de los Superintendentes --</subfield>
    <subfield code="g">Anexo II</subfield>
    <subfield code="t">Semblanzas de los Superintendentes --</subfield>
    <subfield code="g">Anexo III</subfield>
    <subfield code="t">Cronolog&#xED;a de los intendentes generales --</subfield>
    <subfield code="g">Anexo IV</subfield>
    <subfield code="t">Semblanzas de tres intendentes generales --</subfield>
    <subfield code="t">Indice de cuadros.</subfield>
  </datafield>
  <datafield tag="590" ind1=" " ind2=" ">
    <subfield code="a">Inventariado, 2022/BT</subfield>
  </datafield>
  <datafield tag="700" ind1="1" ind2=" ">
    <subfield code="a">Pe&#xF1;a, &#xC1;ngela,</subfield>
    <subfield code="e">ed.</subfield>
    <subfield code="9">37722</subfield>
  </datafield>
  <datafield tag="700" ind1="1" ind2=" ">
    <subfield code="a">Bernard, M&#xF3;nica,</subfield>
    <subfield code="e">coord.</subfield>
    <subfield code="9">74266</subfield>
  </datafield>
  <datafield tag="942" ind1=" " ind2=" ">
    <subfield code="2">ddc</subfield>
    <subfield code="c">LBS1</subfield>
  </datafield>
  <datafield tag="952" ind1=" " ind2=" ">
    <subfield code="0">0</subfield>
    <subfield code="1">0</subfield>
    <subfield code="2">ddc</subfield>
    <subfield code="5">3</subfield>
    <subfield code="7">0</subfield>
    <subfield code="8">PD</subfield>
    <subfield code="a">BNPHU</subfield>
    <subfield code="b">BNPHU</subfield>
    <subfield code="c">CT</subfield>
    <subfield code="d">2015-07-08</subfield>
    <subfield code="p">46230-10</subfield>
    <subfield code="r">2020-06-25</subfield>
    <subfield code="w">2020-06-25</subfield>
    <subfield code="y">LBS1</subfield>
    <subfield code="z">Perteneci&#xF3; a la biblioteca personal de Chiqui Vicioso / Fidelio Despradel.</subfield>
  </datafield>
  <datafield tag="952" ind1=" " ind2=" ">
    <subfield code="0">0</subfield>
    <subfield code="1">0</subfield>
    <subfield code="2">ddc</subfield>
    <subfield code="5">3</subfield>
    <subfield code="7">0</subfield>
    <subfield code="8">PD</subfield>
    <subfield code="a">BNPHU</subfield>
    <subfield code="b">BNPHU</subfield>
    <subfield code="c">CT</subfield>
    <subfield code="d">2019-04-01</subfield>
    <subfield code="p">46230-20</subfield>
    <subfield code="r">2020-06-25</subfield>
    <subfield code="t">e.2</subfield>
    <subfield code="w">2020-06-25</subfield>
    <subfield code="y">LBS1</subfield>
  </datafield>
  <datafield tag="952" ind1=" " ind2=" ">
    <subfield code="0">0</subfield>
    <subfield code="1">0</subfield>
    <subfield code="2">ddc</subfield>
    <subfield code="5">6</subfield>
    <subfield code="7">0</subfield>
    <subfield code="8">DS</subfield>
    <subfield code="a">BNPHU</subfield>
    <subfield code="b">BNPHU</subfield>
    <subfield code="c">CT</subfield>
    <subfield code="d">2022-05-19</subfield>
    <subfield code="e">Donaci&#xF3;n</subfield>
    <subfield code="l">0</subfield>
    <subfield code="p">2022-2220</subfield>
    <subfield code="r">2022-05-19</subfield>
    <subfield code="t">e.3</subfield>
    <subfield code="w">2022-05-19</subfield>
    <subfield code="y">LBS1</subfield>
  </datafield>
  <datafield tag="952" ind1=" " ind2=" ">
    <subfield code="0">0</subfield>
    <subfield code="1">0</subfield>
    <subfield code="2">ddc</subfield>
    <subfield code="5">6</subfield>
    <subfield code="7">0</subfield>
    <subfield code="8">DS</subfield>
    <subfield code="a">BNPHU</subfield>
    <subfield code="b">BNPHU</subfield>
    <subfield code="c">CT</subfield>
    <subfield code="d">2022-05-19</subfield>
    <subfield code="e">Donaci&#xF3;n</subfield>
    <subfield code="l">0</subfield>
    <subfield code="p">2022-2221</subfield>
    <subfield code="r">2022-05-19</subfield>
    <subfield code="t">e.4</subfield>
    <subfield code="w">2022-05-19</subfield>
    <subfield code="y">LBS1</subfield>
  </datafield>
  <datafield tag="999" ind1=" " ind2=" ">
    <subfield code="c">45719</subfield>
    <subfield code="d">45719</subfield>
  </datafield>
</record>
